Tình rừng Tiểu thuyết
Guardat en:
| Autor principal: | |
|---|---|
| Format: | Llibre |
| Idioma: | Vietnamese |
| Publicat: |
Hà Nội
Hội Nhà văn
2019
|
| Matèries: | |
| Etiquetes: |
Afegir etiqueta
Sense etiquetes, Sigues el primer a etiquetar aquest registre!
|
| Thư viện lưu trữ: | Trung tâm Học liệu Lê Vũ Hùng, Trường Đại học Đồng Tháp |
|---|
| LEADER | 00951aam a22002538a 4500 | ||
|---|---|---|---|
| 001 | 00045154 | ||
| 005 | 20191105081121.0 | ||
| 008 | 140604s2013 ||||||viesd | ||
| 020 | # | # | |a 9786049840166 |c 0 |
| 041 | 0 | # | |a vie |
| 082 | 1 | # | |a 895.922 34 |b T312R |
| 100 | 1 | # | |a Đoàn, Hữu Nam |
| 245 | 1 | 0 | |c Đoàn Hữu Nam |a Tình rừng |b Tiểu thuyết |
| 260 | # | # | |a Hà Nội |b Hội Nhà văn |c 2019 |
| 300 | # | # | |a 195 tr. |c 21 cm. |
| 500 | # | # | |a ĐTTS ghi: Liên hiệp các Hội Văn học Nghệ thuật Việt Nam. Hội Văn học Nghệ thuật các Dân tộc thiểu số Việt Nam |
| 653 | # | # | |a Dân tộc thiểu số |
| 653 | # | # | |a Tiểu thuyết |
| 653 | # | # | |a Tác phẩm |
| 653 | # | # | |a Việt Nam |
| 653 | # | # | |a Văn học hiện đại |
| 852 | # | # | |j KD.0026581 |
| 910 | 0 | # | |d 05/11/2019 |
| 980 | # | # | |a Trung tâm Học liệu Lê Vũ Hùng, Trường Đại học Đồng Tháp |


